The socialist sixth of the world / (Record no. 184702)
[ view plain ]
| 000 -LEADER | |
|---|---|
| fixed length control field | 00675 a2200169 4500 |
| 003 - CONTROL NUMBER IDENTIFIER | |
| control field | Nust |
| 005 - DATE AND TIME OF LATEST TRANSACTION | |
| control field | 20221226121703.0 |
| 040 ## - CATALOGING SOURCE | |
| Transcribing agency | Nust |
| 082 ## - DEWEY DECIMAL CLASSIFICATION NUMBER | |
| Classification number | 355,JOH |
| 100 ## - MAIN ENTRY--PERSONAL NAME | |
| Personal name | Johnson, Hewlett |
| 9 (RLIN) | 105915 |
| 245 ## - TITLE STATEMENT | |
| Title | The socialist sixth of the world / |
| Statement of responsibility, etc. | Hewlett Johnson |
| 260 ## - PUBLICATION, DISTRIBUTION, ETC. | |
| Place of publication, distribution, etc. | London, , ltd., |
| Name of publisher, distributor, etc. | V. Gollancz |
| Date of publication, distribution, etc. | 1939 |
| 300 ## - PHYSICAL DESCRIPTION | |
| Extent | 384 p. |
| 505 ## - FORMATTED CONTENTS NOTE | |
| Formatted contents note | Apology and Excuse (Page-21), The Soviet Blue Prints the New Society (Page-87), The Socialist of The World (Page-167), The Greatest Good of The Greatest Number (Page-223), The Plan and the Peoples (Page-293), Mental and Spiritual Horizons (Page-341). |
| 650 ## - SUBJECT ADDED ENTRY--TOPICAL TERM | |
| Topical term or geographic name entry element | Communism --Russia |
| 9 (RLIN) | 105916 |
| 942 ## - ADDED ENTRY ELEMENTS (KOHA) | |
| Source of classification or shelving scheme | |
| Koha item type | Book |
| Call number prefix | 355,JOH |
| Withdrawn status | Lost status | Source of classification or shelving scheme | Damaged status | Not for loan | Permanent Location | Current Location | Shelving location | Date acquired | Full call number | Barcode | Date last seen | Price effective from | Koha item type | Public note |
|---|---|---|---|---|---|---|---|---|---|---|---|---|---|---|
| Military College of Signals (MCS) | Military College of Signals (MCS) | General Stacks | 12/12/2016 | 355,JOH | MCS29576 | 12/08/2016 | 12/12/2016 | Book | Almirah No 51, Shelf No 1 |
